000 01603nam0a2200325 4500
001 RU\NLR\bibl\1146060
005 20260406050103.0
010 _a5-88247-280-60
_9500
021 _aRU
_b2007-63795
_93405
035 _a(NLR Aleph) 001132881
090 _a1369082
_c1369082
100 _a20071025d2006 |||y0rusy50 ca
101 0 _arus
102 _aRU
105 _aa |||||||||
200 1 _aЭлектроснабжение металлургических предприятий
_eмонография
_fА.Н. Шпиганович, К.Д. Захаров
_gФедер. агентство по образованию Рос. Федерации, Гос. образоват. учреждение высш. проф. образования "Липец. гос. техн. ун-т"
210 _aЛипецк
_cЛипецкий государственный технический университет
_d2006
215 _a568 с.
_cил.
_d22
320 _aБиблиогр.: с. 526-534 (131 назв.)
606 1 _aМеталлургические заводы
_xЭлектроснабжение
_91556021
_3RU\NLR\auth\66680061
686 _aК3-421.2
700 1 _4070
_8rus
_7ca
_aШпиганович
_bА. Н.
_f1939-
_gАлександр Николаевич
_3RU\NLR\AUTH\775628
_9115591
701 1 _4070
_8rus
_7ca
_aЗахаров
_bК. Д.
_cканд. техн. наук
_gКирилл Дмитриевич
_3RU\NLR\auth\7740482
_923434
801 0 _aRU
_bNLR
_c20071025
_gRCR
801 1 _aRU
_bNLR
_c20071025
942 _cBOOK
980 _aNB
980 _aNBR